Immigrant Athletes - Statistics

General Stats
  • This quiz has been taken 38 times
  • The average score is 5 of 9
Answer Stats
Athlete Immigrated to Country of Origin % Correct
Hakeem Olajuwon United States Nigeria
79%
Frank Shorter United States Germany
66%
Martina Navratilova United States Czechoslovakia
59%
Bernard Lagat United States Kenya
59%
Alberto Salazar United States Cuba
55%
Aron Baynes Australia New Zealand
55%
Mo Farah United Kingdom Somalia
55%
Paul MacLean Canada France
31%
Tim Tebow United States Phillipines
21%
No matching quizzes found
Score Distribution
Percent of People with Each Score
Percentile by Number Answered
Your Score History
You have not taken this quiz